Regions (Fylker) of Norway 2024 - Map Quiz - Statistics

General Stats
  • This quiz has been taken 685 times
  • The average score is 11 of 15
Answers on the Map
Answers color-coded by a green-red scale on the quiz's map according to % correct below.
 
Answer Stats
Answer % Correct
Oslo
89%
Finnmark
86%
Nordland
79%
Troms
79%
Innlandet
78%
Trøndelag
78%
Vestland
78%
Møre og Romsdal
76%
Østfold
76%
Agder
73%
Rogaland
73%
Akershus
72%
Telemark
70%
Vestfold
70%
Buskerud
65%
No matching quizzes found
Score Distribution
Percent of People with Each Score
Percentile by Number Answered
Your Score History
You have not taken this quiz